<?xml version="1.0" encoding="UTF-8"?><OAI-PMH xmlns="http://www.openarchives.org/OAI/2.0/" xmlns:xsi="http://www.w3.org/2001/XMLSchema-instance"     xsi:schemaLocation="http://www.openarchives.org/OAI/2.0/ http://www.openarchives.org/OAI/2.0/OAI-PMH.xsd"><responseDate>2026-05-17T00:55:21Z</responseDate><request verb="GetRecord" identifier="oai:regmurcia.com:fintegr.1182" metadataPrefix="marc21">http://oai.regmurcia.com/oai2/oai2.php</request><GetRecord><record><header><identifier>oai:regmurcia.com:fintegr.1182</identifier><datestamp>2026-05-17</datestamp><setSpec>documentos</setSpec></header><metadata><record  xmlns="http://www.loc.gov/MARC21/slim" xmlns:xsi="http://www.w3.org/2001/XMLSchema-instance" xsi:schemaLocation="http://www.loc.gov/MARC21/slim http://www.loc.gov/standards/marcxml/schema/MARC21slim.xsd" type="Bibliographic"><leader>00000nam a2200000   4500</leader><controlfield tag="001" >005075761</controlfield><controlfield tag="003" >1182</controlfield><controlfield tag="004" >A00000000</controlfield><datafield tag="245" ind1=" " ind2=" "><subfield code="a">Traslado de una provisión de los Reyes Católicos a Juan Pérez de Barradas, corregidor de Lorca, mandándole que investigue e informe sobre la franqueza de no pagar diezmos, portazgos ni otro derecho alguno que tenían los  ciudadanos de Lorca por privilegio de los reyes anteriores (1491-7-7. Real de la Vega de Granada) .</subfield></datafield><datafield tag="300" ind1=" " ind2=" "><subfield code="c">310 x 220 mm.</subfield></datafield><datafield tag="300" ind1=" " ind2=" "><subfield code="a">2 fol.</subfield></datafield><datafield tag="351" ind1=" " ind2=" "><subfield code="a">Unidad Documental simple</subfield><subfield code="c">Archivo de Lorca. Array</subfield><subfield code="a">Unidad Documental simple</subfield><subfield code="c">Archivo de Lorca. Array</subfield></datafield><datafield tag="506" ind1=" " ind2=" "><subfield code="a">Acceso restringido</subfield></datafield><datafield tag="510" ind1=" " ind2=" "><subfield code="a">Pub. MORATALLA COLLADO, ANDREA. Documentos de los Reyes Católicos 1475-1491. Murcia: Academia Alfonso X el Sabio, 2003, p. 816-817</subfield></datafield><datafield tag="520" ind1=" " ind2=" "><subfield code="a">Los Reyes Católicos, oidas la quejas del concejo, ordenan a Juan Pérez de Barradas que investigue e informe de la franqueza que tenía la ciudad de Lorca de no pargar diezmos, portazgos ni otros derechos en ningún lugar del reino,  por pan, vino, ganados y todas las cosas que ellos produjesen.</subfield></datafield><datafield tag="583" ind1=" " ind2=" "><subfield code="u">http://www.regmurcia.com/servlet/s.Sl?METHOD=VERDOCUMENTO&amp;sit=serv,Carmesi&amp;n=/10/2764/indice.djvu</subfield></datafield><datafield tag="592" ind1=" " ind2=" "><subfield code="a">1493-04-23</subfield></datafield><datafield tag="592" ind1=" " ind2=" "><subfield code="d">1493-04-23 00:00:00</subfield></datafield><datafield tag="651" ind1=" " ind2=" "><subfield code="a">Lorca</subfield></datafield><datafield tag="786" ind1=" " ind2=" "><subfield code="o">http://www.regmurcia.com/servlet/s.Sl?METHOD=VERDOCUMENTO&amp;sit=serv,Carmesi&amp;n=/10/2764/indice.djvu</subfield></datafield><datafield tag="856" ind1=" " ind2=" "><subfield code="u">http://www.regmurcia.com/servlet/s.Sl?METHOD=DETALLE&amp;sit=c,373,m,139,serv,Carmesi&amp;id=1182</subfield></datafield></record></metadata></record></GetRecord></OAI-PMH>
